| 000 | 00567nam a2200193Ia 4500 | ||
|---|---|---|---|
| 003 | IN-BaIIA | ||
| 008 | 211028s9999 xx 000 0 eng d | ||
| 020 | _a0-7167-0358-0 | ||
| 040 | _cIIA Library | ||
| 080 |
_a524.354.4 _bMAN |
||
| 100 |
_aManchester, R. N. _99882 |
||
| 245 | 0 |
_aPulsars _cR. N. Manchester and J. H. Taylor |
|
| 260 |
_aSanfrancisco _bW. H. Freeman _c1977 |
||
| 300 | _a281p. | ||
| 650 | _aAstronomy and astrophysics thesaurus | ||
| 650 |
_aPulsars _97214 |
||
| 700 |
_aTaylor, J. H. _99883 |
||
| 942 | _cBK | ||
| 999 |
_c5701 _d5701 |
||